Govt. of
Madhya Pradesh

The Concepts And Features Of Microcontrollers (Record no. 31177)

MARC details
000 -LEADER
fixed length control field 003380000a22001450004500
003 - CONTROL NUMBER IDENTIFIER
control field MACL
040 ## - CATALOGING SOURCE
Original cataloging agency MACL
090 ## - LOCALLY ASSIGNED LC-TYPE CALL NUMBER (OCLC); LOCAL CALL NUMBER (RLIN)
-- 31493
-- 31491
100 ## - MAIN ENTRY--PERSONAL NAME
Personal name Kamal, Raj
245 ## - TITLE STATEMENT
Title The Concepts And Features Of Microcontrollers
260 ## - PUBLICATION, DISTRIBUTION, ETC. (IMPRINT)
Name of publisher, distributor, etc. Wheeler Publishing
Date of publication, distribution, etc. 2000
350 ## - PRICE (NR) (BK AM CF MU VM SE) [OBSOLETE]
Price 225
650 ## - SUBJECT ADDED ENTRY--TOPICAL TERM
Topical term or geographic name as entry element Computer Science
942 ## - ADDED ENTRY ELEMENTS (KOHA)
Koha item type Library Membar
Call number prefix 004.16/KAM
Holdings
Withdrawn status Lost status Damaged status Not for loan Home library Current library Date acquired Total Checkouts Full call number Barcode Date last seen Uniform Resource Identifier Price effective from Koha item type
        MACL MACL 15/04/2015   004.16/KAM BOOK CLC2913 29/04/2015 31228 15/04/2015 Books